Znani ludzie według inicjałów - imiona na "D" - Statystyki

Ogólne statystyki
  • Ten quiz został rozwiązany 258 razy
  • Średni wynik to 11 z 22
Statystyki odpowiedzi
Inicjały Kim jest ta osoba? Odpowiedź % Poprawnych
DM Argentyński piłkarz, mistrz świata i najlepszy piłkarz turnieju w 1986 r. Diego Maradona
85%
DK Polski skoczek narciarski, mistrz świata i zwycięzca Turnieju Czterech Skoczni Dawid Kubacki
84%
DP Polski muzyk, znany dzięki piosenkom takim jak "Trójkąty i kwadraty" czy "Małomiasteczkowy" Dawid Podsiadło
84%
DT Polski polityk, premier RP, później przewodniczący Rady Europejskiej Donald Tusk
81%
DC Angielski aktor, odtwórca roli Jamesa Bonda m.in. w filmach "Casino Royale" i "Skyfall" Daniel Craig
69%
DO Polski aktor, wystąpił m.in. w "Potopie", "Weselu" i "Panu Tadeuszu" Daniel Olbrychski
69%
DJ Amerykański aktor i wrestler znany jako "The Rock", wystąpił m.in. w filmach "San Andreas" i "Szybcy i wściekli 8" Dwayne Johnson
64%
DR Angielski aktor, odtwórca roli Harry'ego Pottera Daniel Radcliffe
61%
DV Hiszpański piłkarz, najlepszy strzelec w historii reprezentacji Hiszpanii David Villa
57%
DS Argentyński piłkarz i trener, wieloletni trener Atlético Madryt Diego Simeone
53%
DA Brazylijski piłkarz, najbardziej utytułowany zawodnik w historii sportu (ponad 40 trofeów) Dani Alves
52%
DG Francuski DJ i producent muzyczny, znany dzięki utworom takim jak "When Love Takes Over" czy "Memories" David Guetta
50%
DB Angielski muzyk, znany dzięki piosenkom takim jak "Heroes", "Let's Dance" czy "The Man Who Sold the World" David Bowie
47%
DE Amerykański generał, prezydent USA w latach 1953-1961 Dwight D. Eisenhower
44%
DW Amerykański aktor, laureat dwóch Oscarów za role w filmach "Chwała" i "Dzień próby" Denzel Washington
38%
DZ Włoski piłkarz, mistrz świata z 1982 r. Dino Zoff
30%
DN Niemiecki koszykarz, MVP NBA z 2007 r., mistrz ligi w 2011 r. Dirk Nowitzki
30%
DH Amerykański aktor i producent, laureat dwóch Oscarów za role w filmach "Rain Man" i "Sprawa Kramerów" Dustin Hoffman
30%
DF Hiszpański tenisista, zwycięzca 27 turniejów ATP David Ferrer
24%
DD Amerykański aktor, producent i reżyser, występował m.in. w filmie "Miłość, szmaragd i krokodyl" i w jego sequelu "Klejnot Nilu" Danny DeVito
17%
DL Amerykański muzyk, założyciel i perkusista zespołu Slayer Dave Lombardo
9%
DI Angielski pisarz, autor wielu książek o II wojnie światowej, w tym "The Destruction of Dresden" David Irving
4%
Nie znaleziono quizów pasujących do podanych kryteriów
Rozkład punktacji
Procent ludzi z każdym wynikiem
Percentyl według liczby udzielonych odpowiedzi
Twoja historia wyników
Nie rozwiązałeś tego quizu